| 000 | 00432nam a2200181Ia 4500 | ||
|---|---|---|---|
| 005 | 20240823063124.0 | ||
| 008 | 240823s9999||||xx |||||||||||||| ||und|| | ||
| 041 | _aENGLISH | ||
| 082 | _A621.3 N5 | ||
| 100 | _aGupta J B | ||
| 245 | 2 | _aA Course in Basic Electrical Engineering | |
| 250 | _a1st | ||
| 260 |
_c1995 _b"Ess Kay,Delhi" |
||
| 500 | _aYES | ||
| 650 |
_aElectrical _bInstrumentation |
||
| 942 | _cBK | ||
| 999 |
_c237499 _d237499 |
||